MARC

LEADER 00000nlm0a2200000 4500
001 254822
005 20231221154429.0
035 |a (RuTPU)RU\TPU\book\277313 
090 |a 254822 
100 |a 20140324d2013 m y0rusy50 ca 
101 0 |a rus 
102 |a RU 
105 |a a j 001zy 
181 0 |a i  
182 0 |a b 
200 1 |a Экономическая теория  |e учебное пособие  |f Г. А. Барышева, Т. В. Бондарь  |g Национальный исследовательский Томский политехнический университет (ТПУ), Институт социально-гуманитарных технологий (ИСГТ), Кафедра экономики (ЭКОН) 
203 |a Текст  |c электронный 
210 |a Томск  |c Изд-во ТПУ  |d 2013- 
700 1 |a Барышева  |b Г. А.  |c экономист  |c профессор Томского политехнического университета, доктор экономических наук  |f 1961-  |g Галина Анзельмовна  |9 11658 
701 1 |a Бондарь  |b Т. В.  |c российский экономист  |c старший преподаватель Томского политехнического университета  |f 1980-  |g Татьяна Васильевна 
712 0 2 |a Национальный исследовательский Томский политехнический университет (ТПУ)  |b Институт социально-гуманитарных технологий (ИСГТ)  |b Кафедра экономики (ЭКОН)  |3 (RuTPU)RU\TPU\col\18375 
801 2 |a RU  |b 63413507  |c 20141120  |g RCR 
942 |c CF